000 00525nam a2200181Ia 4500
003 OSt
005 20201201114436.0
008 190216s9999||||xx |||||||||||||| ||und||
020 _a9798171805227
040 _coclc
082 _a894.8123
_bPIL/A
100 _aPillai, Thakazhi Shivashankara
_9418
245 0 _aAusephinte Makkal /
_cThakazhi Shivashankara Pillai
260 _bPoorna Pubs,
_a Kozhikode:
300 _a213p
650 _aNovel
942 _cBK
_2ddc
_h894.8123
_iPIL/A
_k894.8123
_mPIL/A
999 _c28359
_d28359